Olimpíada de fracciones [juego] /
Guardado en:
| Formato: | Objeto Físico |
|---|---|
| Publicado: |
Argentina :
Lugano toys,
[200?]
|
| Materias: | |
| Etiquetas: |
Agregar Etiqueta
Sin Etiquetas, Sea el primero en etiquetar este registro!
|
| LEADER | 00879nrm a22001575g 4500 | ||
|---|---|---|---|
| 001 | CEM.cems019276 | ||
| 008 | 130507b200?##################0###0#####d | ||
| 005 | 20220830105357.0 | ||
| 003 | CEMS | ||
| 245 | 0 | 0 | |a Olimpíada de fracciones [juego] / |c Lugano Toys, Onda Verde. |
| 260 | |a Argentina : |b Lugano toys, |c [200?] | ||
| 300 | |a 1 juego (fichas en cartón y forma hexagonal, 26 cartas amarillas con fracciones y figuras fraccionadas, 26 cartas verdaes con decimales y fracciones, 4 cartas amarillas con el nº 3, 4 cartas verdes con el nº 3 y 10 fichas para puntaje) ; en caja 28 x 28 x 4 cm. + instrucciones. | ||
| 500 | |a Para 2 a 4 jugadores a partir de 7 años y adultos objetivo: aprender fracciones, decimales y su relación entre sí juego educativo. | ||
| 082 | 0 | 4 | |a J793.74 |
| 653 | |a 1. juegos y recreaciones matemáticos | ||
| 859 | |a CEMS |b BIB. CEMS - Ludoteca |h J793.74 |i L957 |p 224.00 |t Ej.1 | ||
